Managing Contraception. (Record no. 7693)

MARC details
000 -LEADER
fixed length control field 00380nam a22001457a 4500
008 - FIXED-LENGTH DATA ELEMENTS--GENERAL INFORMATION
fixed length control field 190306b ||||| |||| 00| 0 eng d
020 ## - INTERNATIONAL STANDARD BOOK NUMBER
International Standard Book Number 9780692557341
082 ## - DEWEY DECIMAL CLASSIFICATION NUMBER
Classification number 610 H36m 2017
100 ## - MAIN ENTRY--PERSONAL NAME
Personal name Hatcher, Robert A.
245 ## - TITLE STATEMENT
Title Managing Contraception.
250 ## - EDITION STATEMENT
Edition statement 14th ed.
260 ## - PUBLICATION, DISTRIBUTION, ETC.
Place of publication, distribution, etc. Georgia ;
Name of publisher, distributor, etc. Bridging the gap Foundation,
Date of publication, distribution, etc. 2017.
300 ## - PHYSICAL DESCRIPTION
Extent 266 p.
Dimensions 19 cm.
942 ## - Added entry Elements (Koha)
Source of classification or shelving scheme Dewey Decimal Classification
Holdings
Withdrawn status Lost status Source of classification or shelving scheme Damaged status Not for loan Collection code Home library Current library Shelving location Date acquired Serial Enumeration / chronology Full call number Barcode Date last seen Price effective from Koha item type
    Dewey Decimal Classification     Main TEST RTC Library RTC Library Main opac 06/03/2019 13493 610 HAT 30013393 06/03/2019 06/03/2019 Main
Royal Thimphu College || All Right Reserved